| 000 | 00771nam a2200277Ia 4500 | ||
|---|---|---|---|
| 001 | 35932 | ||
| 003 | IT-RoPAU | ||
| 008 | 130308s9999 xx 000 0 und d | ||
| 040 | _aIT-RoPAU | ||
| 040 | _cIT-RoPAU | ||
| 041 | _aTEDESCO | ||
| 100 | _aBaumstark Anton | ||
| 100 | _gCodice Aut. SPICS: 17119 | ||
| 245 | _aAntik-Roemischer Gebetsstil Im Messkanon | ||
| 245 | _bMiscellanea Liturgica in Honorem L. Cuniberti Mohlberg-V. I | ||
| 260 | _aROMA | ||
| 260 | _bCLV Edizioni Liturgiche | ||
| 260 | _c1948 [1° Ed.:1948 - Ed.Ling.Originale:1948] | ||
| 300 | _a"31 p. (prefazione: no ; testo: 31 [pagine: 301-331])" | ||
| 650 | _aSAGGI DI LITURGIA | ||
| 650 | _eCodice materia Spics: 9160 | ||
| 942 | _cBK | ||
| 957 | _71 | ||
| 999 |
_c63533 _d63533 |
||
| 999 | _bSI | ||
| 999 | _g1 | ||